Movies of 1982 Quiz Stats

 Plays Quiz Updated Aug 13, 2015

Also try: Movies of 1983
Challenge
Share
Tweet
Score 0/16 Timer 06:00
1 Play Today
Picture Movie % Correct
1First Blood
95.7%
2Annie
89.8%
15Rocky III
88.8%
6Gandhi
87.3%
5TRON
82.5%
3Tootsie
77.9%
8Conan the Barbarian
77%
7An Officer and a Gentleman
73.2%
Picture Movie % Correct
13E.T.: The Extra-Terrestrial
65%
9Fast Times at Ridgemont High
64%
10Porky's
58.6%
1248 Hrs.
44.2%
11Blade Runner
39.7%
14Sophie's Choice
34.5%
4Poltergeist
31%
16The Thing
27.5%

You're not logged in!

Compare scores with friends on all Sporcle quizzes.
OR
Log In

You Might Also Like...

Show Comments

Extras

Top Quizzes Today


Score Distribution

Your Account Isn't Verified!

In order to create a playlist on Sporcle, you need to verify the email address you used during registration. Go to your Sporcle Settings to finish the process.

Report this User

Report this user for behavior that violates our Community Guidelines.

Details: